| 000 | 01096nam a2200301 a 4500 | ||
|---|---|---|---|
| 001 | vtls001618945 | ||
| 003 | NLI | ||
| 005 | 20210628133913.0 | ||
| 008 | 121214n ii 000 0 ben | ||
| 020 | _cRs. 1.25 | ||
| 039 | 9 |
_y201212141935 _zVLOAD |
|
| 040 |
_aNLI _bhineng _cDatasoft_Hindi_Child _eAACR2 |
||
| 041 | 0 | _ahin | |
| 044 | _a ii | ||
| 084 | _aH Sc | ||
| 100 | 1 |
_6880-01 _aभण्डारी, सी. एस., _cप्रो. _91075275 |
|
| 245 | 1 | 0 |
_6880-02 _aज्ञान की कहानीयाँ : _bपहला भाग / _cसी. एस. भण्डारी |
| 260 |
_aवाराणसी : _bहिन्दी प्रचारक पुस्तकालय, _c[n.d.] |
||
| 300 |
_a32 p. ; _c21 cm. |
||
| 650 | 0 |
_aChildren's literature _9715727 |
|
| 880 |
_6100-01 (B _aBhaṁdārī, C. S., _cPro |
||
| 880 |
_6245-02 (B _aGyāna kī kahāniyīṁ : _bpahalā bhāga / _cC. S. Bhaṁdārī |
||
| 887 | _a | ||
| 901 |
_a177 _b22.12.1959 |
||
| 902 | _aH Sc B | ||
| 949 |
_AVIRTUAITEM _D10000 _X100 _6CHD000000177HIN |
||
| 942 |
_2ddc _cBKS |
||
| 999 |
_aVIRTUA40 _c1069088 _d1069088 |
||